000 00625nam a22002057a 4500
005 20130604144852.0
010 _aENG-107517
020 _a9788122202694
_c195.00
020 _a8122202691
_c195.00
035 _aEN-91050
037 _bDBAD/PUB
082 _a613.2
100 _aYoungson,Robert
245 _aAntioxidants :
_cby Robert Youngson
_bvitamin C and E for health /
260 _aNew Delhi
_bOrient Paperbacks
_c2011
270 _a5A/8 Ansari Road
_bNew Delhi
_e110002
300 _a136p.
_c22cm(pbk)
500 _aIncludes bibliographical references and index
942 _2ddc
_cEN
_h613.2
_mYOU
999 _c76463
_d76463